000
00187 a2200097 4500
020
_a
9780345386847
041
_a
eng
100
_a
Bernhardt, William
245
_a
Cruel justice
942
_c
BK
999
_c
8130
_d
8130